00486 2200181 4500001002100000005001800021008004100039035002400080090001400104100003000118245005600148250001100204260002500215300002100240650001300261850001500274999001500289YOGYA-0111000000040420110127081024983 ind  0010-011100000000404 a100 Sha F aShadr, Muhammad Baqir Ash aFalsafatuna : pandangan Muhammad Baqir Ash-Shadr... aCet. 5 aBandungbMizanc1995 a284 hlm., 23 cm. aFilsafat aYOPDYOG[B] a97P0095725